| 000 | 01042nam a22003377a 4500 | ||
|---|---|---|---|
| 001 | 0125 | ||
| 003 | DO-SdBNP | ||
| 005 | 20180126085430.0 | ||
| 007 | 0125 | ||
| 008 | 151005b1999 mx 00| 0 spa d | ||
| 020 | _a968190320X | ||
| 040 |
_aBPMSU _bspa _cBPMSU |
||
| 245 | 1 | 3 |
_aCuentos clásicos juveniles / _bantología _cAlexander Pushkin, Fiodor Dostoievski, León Tolstoi, Mark Twain, J. M. Eca de Queirós, guy de Maupassant, Oscar Wilde ; prólogo Conrado Zuluaga. |
| 250 | _a2a. ed. | ||
| 260 |
_aMéxico : _bAlfaguara, _c1999. |
||
| 300 |
_a107 p. : _c22 cm. |
||
| 490 | 1 | _aAlfaguara juvenil | |
| 500 | _aIncluye datos biografícos de los autores. | ||
| 700 | 1 | 2 | _aPushkin, Alexander |
| 700 | 1 | 2 | _aDostoievski, Fiodor |
| 700 | 1 | 2 | _aTolstoi, León |
| 700 | 1 | 2 | _aTwain, Mark |
| 700 | 1 | 2 | _aEca de Queirós, J. M. |
| 700 | 1 | 2 | _aMaupassant, Guy de |
| 700 | 1 | 2 | _aWilde, Oscar |
| 700 | 1 | 2 |
_aZuluaga, Conrado _eprol. |
| 830 | 0 | _aAlfaguara juvenil | |
| 942 |
_2ddc _cBK |
||
| 945 | _aInventariado, 2018/MFF | ||
| 956 | _aYngrid Lockward | ||
| 999 |
_c8741 _d8741 |
||